000 00451pab a2200169 454500
008 180718b1996 xxu||||| |||| 00| 0 eng d
100 _aSubrahmanyam, K.
245 _aCoalition politics: building alliances from grassroots
260 _c1996
300 _ap.10
362 _a29 May
650 _aGovernment, Central
650 _aCoalition governments - India
650 _aPolitics and government
773 _aTimes of India
909 _a32403
999 _c32403
_d32403